000 00831nam a22002055i 4500
001 166543
003 ES-MaACL
005 20250828062537.0
008 050914s1889 sp | |||||||| ||spa d
040 _aCAM
_bspa
_cCAM
100 1 _aTorres y García, Román.
_9133334
245 1 0 _aConferencias y excursiones infantiles.
_nPrimera parte,
_pReligión y moral /
_cpor Román Torres y García.
250 _a2ª ed.
260 _aZaragoza :
_bImprenta y librería de José Bedera,
_c1889.
300 _a179, [2] p. ;
_c16 cm.
595 _aSegún Palau sólo se reeditó la primera parte, por este motivo aparece a veces esta primera parte de 1889 junto con la segunda de 1886.
650 7 _aEducación
_2embne
_912073
852 _aES-MaACL
_jG-10156
_z-- Enc. cart.
_z.- Donat. Ministerio de Fomento
999 _c166543
_d166543